Hacking Exposed 7 Network Security Secrets & Solutions (Record no. 23792)

000 -LEADER
fixed length control field 00318nam a22000977a 4500
008 - FIXED-LENGTH DATA ELEMENTS--GENERAL INFORMATION
fixed length control field 140121b xxu||||| |||| 00| 0 eng d
020 ## - INTERNATIONAL STANDARD BOOK NUMBER
International Standard Book Number 9780071780285
Terms of availability Available
082 ## - DEWEY DECIMAL CLASSIFICATION NUMBER
Edition number Seventh Ed
Classification number 005.8MCC
Author Mark 002483
245 ## - TITLE STATEMENT
Title Hacking Exposed 7 Network Security Secrets & Solutions
Statement of responsibility, etc. McClure
Medium English
260 ## - PUBLICATION, DISTRIBUTION, ETC.
Place of publication, distribution, etc. USA
Name of publisher, distributor, etc. Mcgraw-Hill
Date of publication, distribution, etc. 2012
Holdings
Withdrawn status Lost status Source of classification or shelving scheme Damaged status Not for loan Permanent Location Current Location Shelving location Date acquired Total Checkouts Total Renewals Full call number Barcode Date last seen Date last checked out Price effective from Koha item type
          Central Library (CL) Central Library (CL) First Floor - Artificial Intelligence/Data Mining 01/21/2014 9 12 005.8MCC RCMS002483 04/06/2026 03/31/2026 01/21/2014 Book
© 2023 Central Library, National University of Sciences and Technology. All Rights Reserved.